Cryptic Hint & Word Scramble - U.S. States - Statistics

General Stats
  • This quiz has been taken 775 times
  • The average score is 13 of 15
Answer Stats
Vague hint U.S. State Explanation of the vague hint % Correct
The irregUlar HexAgon Utah Utah has the shape of a concave irregular hexagon.
99%
salaD, famIne, cHip And vOdka Idaho Idaho is also called 'The Potato State'. All four of these terms are related to potatoes.
97%
with unMistakable vaNity mufAsa shakes hIs headdrEss Maine Mufasa is a lion in the movie 'The Lion King'. The headdress of a lion is called mane of that ilk homophone of Maine.
96%
do you Know whAt the biggeSt thing is thAt russiA ever soLd? Alaska In 1867 for $7.2 million Russia sold Alaska to the U.S.
95%
Gori, 1878 iOseb besarIonis dzE juGhashvili wAs boRn Georgia In Gori, a city in Georgia (the Asian nation) Joseph Stalin née Ioseb Besarionis dze Jughashvili was born.
91%
can't Get enOugh of this essEntial heRb in italiaN first cOurses Oregon Oregano is a very common herb in Italian cousine and sounds a little like Oregon.
91%
singulAr inhabItant of A subcoNtinent + wroNg inDefinite artIcle thereof Indiana India is a subcontinent, the singular demonym of India is Indian, which needs the indefinite article 'an', not 'a'. 'Indian' and 'a' however make Indiana.
90%
havinG wItnessed femIcides and seveRal diVorces, anyoNe would stAy sIngle Virginia Virginia is most likely named for Elizabeth I, who never married. Her father Henry VIII however married six times, murdered two of his wives, founded a church, so he could get divorced, etc. In essence, as his child one would have had a hard time not getting traumatised.
89%
no triplE crown This Year: 80-1 wiNner riCh striKe will not rUn in preaKness Kentucky Rich Strike is a thoroughbred racehorse that won the 2022 Kentucky Derby against 80-1 odds. The Triple Crown is achieved, when the same horse wins the Kentucky Derby, Preakness and Belmont Stakes. Since Rich Strike didn't enter the second one, but won the first, a Triple Crown is impossible.
87%
fRom the Spelling Alone one cAnnot Know how thAt iS pronouNced Arkansas It would seem that Arkansas is pronounced R-Kansas, when actually it is pronounced R-Ken-saw.
85%
Its twO largeSt citIes Seem to be rUnning away froM heRe Missouri Kansas City, Missouri and St. Louis are the two largest cities in Missouri and both lie on the border.
84%
arEtha, Tina, milEy, juStin aNd iN a diffErent sEnse elviS Tennessee Aretha Franklin, Tina Turner, Miley Cyrus and Justin Timberlake were born in Tennessee and Elvis Presley died there.
81%
jAzz, voOdoo, pelIcaN, creoLe, parIsheS, cAjUn Louisiana Jazz and Voodoo originated in Louisiana, Creole and Cajun are ethnicities of Louisiana, a pelican is on Louisiana's flag and Louisiana is divided into parishes, unlike other states.
74%
yOu wAnt tO fry soMe islAnd-sized vegetabLes? looK no furtHer! Oklahoma Oklahoma is shaped like a pan, just right for frying huge vegetables.
71%
isLamic stewArd + lAyeR in FroNt Of the irIs (mInus the 'C') California An Islamic steward is called Caliph and the layer in front of the iris is the cornea, of which we subtract the 'c' and are left with 'caliphornea'.
65%
No matching quizzes found
Score Distribution
Percent of People with Each Score
Percentile by Number Answered
Your Score History
You have not taken this quiz